| 000 -LEADER |
| fixed length control field |
01590aam a2200421 a 4500 |
| 001 - CONTROL NUMBER |
| control field |
017274969 |
| 003 - CONTROL NUMBER IDENTIFIER |
| control field |
UkOxU |
| 005 - DATE AND TIME OF LATEST TRANSACTION |
| control field |
20190814151830.0 |
| 008 - FIXED-LENGTH DATA ELEMENTS--GENERAL INFORMATION |
| fixed length control field |
100819s2010 enk d 000 0 eng |
| 010 ## - LIBRARY OF CONGRESS CONTROL NUMBER |
| LC control number |
2010935311 |
| 015 ## - NATIONAL BIBLIOGRAPHY NUMBER |
| National bibliography number |
GBB059942 |
| Source |
bnb |
| 020 ## - INTERNATIONAL STANDARD BOOK NUMBER |
| International Standard Book Number |
9780199207619 (hbk.) : |
| 020 ## - INTERNATIONAL STANDARD BOOK NUMBER |
| International Standard Book Number |
0199207615 (hbk.) : |
| 035 ## - SYSTEM CONTROL NUMBER |
| System control number |
(Uk)015550335 |
| 040 ## - CATALOGING SOURCE |
| Original cataloging agency |
StDuBDS |
| Language of cataloging |
eng |
| Transcribing agency |
StDuBDS |
| Modifying agency |
Uk |
| 041 0# - LANGUAGE CODE |
| Language code of text/sound track or separate title |
eng |
| -- |
chi |
| 042 ## - AUTHENTICATION CODE |
| Authentication code |
ukblsr |
| 082 00 - DEWEY DECIMAL CLASSIFICATION NUMBER |
| Classification number |
495.1 OXF |
| Edition number |
22 |
| 245 04 - TITLE STATEMENT |
| Title |
The Oxford Chinese dictionary : |
| Remainder of title |
English-Chinese - Chinese English = [Niujin Ying Han, Han Ying ci dian] / |
| Statement of responsibility, etc. |
[chief editors: Julie Kleeman, Harry Yu]. |
| 246 31 - VARYING FORM OF TITLE |
| Title proper/short title |
Niujin Ying Han, Han Ying ci dian |
| 260 ## - PUBLICATION, DISTRIBUTION, ETC. |
| Place of publication, distribution, etc. |
Oxford : |
| Name of publisher, distributor, etc. |
Oxford University Press, |
| Date of publication, distribution, etc. |
c2010. |
| 300 ## - PHYSICAL DESCRIPTION |
| Extent |
xxviii, 1013 p. ; |
| Dimensions |
27 cm. |
| 500 ## - GENERAL NOTE |
| General note |
Formerly CIP. |
| Institution to which field applies |
Uk |
| 500 ## - GENERAL NOTE |
| General note |
Parallel title in Chinese characters. |
| 500 ## - GENERAL NOTE |
| General note |
"The Chinese-English source text is adapted from the New Century Chinese-English Dictionary published by Foreign Language Teaching and Research Press"--T.p. verso. |
| 546 ## - LANGUAGE NOTE |
| Language note |
Text in English and Chinese. |
| 650 #0 - SUBJECT ADDED ENTRY--TOPICAL TERM |
| Topical term or geographic name entry element |
English language |
| Form subdivision |
Dictionaries |
| General subdivision |
Chinese. |
| 650 #0 - SUBJECT ADDED ENTRY--TOPICAL TERM |
| Topical term or geographic name entry element |
Chinese language |
| Form subdivision |
Dictionaries |
| General subdivision |
English. |
| 700 1# - ADDED ENTRY--PERSONAL NAME |
| Personal name |
Kleeman, Julie. |
| 700 1# - ADDED ENTRY--PERSONAL NAME |
| Personal name |
Yu, Haijiang, |
| Dates associated with a name |
1965- |
| 740 0# - ADDED ENTRY--UNCONTROLLED RELATED/ANALYTICAL TITLE |
| Uncontrolled related/analytical title |
New century Chinese-English dictionary. |
| 942 ## - ADDED ENTRY ELEMENTS (KOHA) |
| Source of classification or shelving scheme |
|
| Koha item type |
Reference |